Provinzen und Territorien von Britisch-Indiens auf einer Karte - Statistiken

Allgemein
  • Dieses Quiz wurde 54 mal gespielt
  • Das Durchschnittsergebnis liegt bei 4 aus 12
Antworten auf der Karte
Die Antworten werden auf der Karte rot bzw. grün angezeigt, abhängig davon wie oft sie richtig erraten wurden.
 
Antwortstatistiken
Antwort % Korrekt
Birma
88%
Bengalen
78%
Pandschab
49%
Andamanen und Nikobaren
35%
Sind
35%
Vereinigte Provinzen
33%
Balochistan
27%
Madras
24%
Bombay
22%
North West Frontier
10%
Zentrale Provinzen
6%
Berar
2%
Keine übereinstimmenden Quizze gefunden
Verteilung der Resultate
Anzahl Personen mit jedem Resultat
Perzentil nach korrekt beantworteten Fragen
Ihre Resultats-Entwicklung
Sie haben dieses Quiz noch nicht gespielt